Cinéma : 01 - Statistiques

Statistiques générales
  • Ce quiz a été pris 48 fois
  • Le résultat moyen est 5 sur 15
Statistiques - réponses
Culture Cinéma : Réponse % Correct
Si je vous dis : pêchés et Morgan Freeman, à quel film cela vous fait penser ? Seven
67%
Dans quel film avec Brad Pitt, deux femmes sont en cavales ? Thelma et Louise
67%
Qui est l'ami de Tom hanks sur son île ? Wilson
56%
Quel mouvement de cinéma apparaît dans les années 50 ? Nouvelle Vague
53%
Quelle actrice a été nommé le plus fois aux oscars ? Meryl Streep
47%
Pour quel film Coppola s'est il endetté pour pouvoir compenser les pertes matérielles et le temps ? Apocalypse Now
44%
Qui est considéré comme le maître du suspense ? Alfred Hitchcock
42%
Qui est l'acteur qui joue dans ces films : juste la fin du monde, Shrek ou encore Sur mes lèvres ? Vincent Cassel
26%
Quel réalisateur est le fils d'un célèbre peintre ? Jean Renoir
14%
Qui a réaliser le remake du célèbre : High and Low ? Spike Lee
12%
Pour quel film ayant reçu une palme d'or, Cillian Murphy incarne t'il un docteur révolutionnaire ? Le vent se lève
9%
Quel acteur prononce cette fameuse phrase : I'm in the dark here ? Al Pacino
7%
Quel célèbre réalisateur peut on retrouver dans un film de SF de Spielberg ? François Truffaut
7%
Quel vin est mélangé à du vinaigre dans le dîner de cons ? Chateau Laffite
5%
Quel réalisateur est le dernier à avoir réaliser le triplé : palme d'or, lion d'or et ours d'or à son palmarès cinématographique ? (après Altman, Antonioni, Cluzot et Guodard) Jafar Panahi
2%
Aucun quiz correspondant
Distribution des résultats
% des personnes avec chaque résultat
Percentile par nombre de réponses
Votre historique - résultats
Vous n’avez pas pris ce quiz